| 000 | 00816nam a2200253 i 4500 | ||
|---|---|---|---|
| 001 | 71066 | ||
| 003 | ES-MaACL | ||
| 005 | 20250823063041.0 | ||
| 007 | t| | ||
| 008 | 040805s1984 sp ||||1| spa d | ||
| 020 | _a84-85005-77-5 | ||
| 100 | 1 |
_aGassier, Pierre, _d1915-2000 _955913 |
|
| 245 | 1 | 0 |
_aGoya _b: testigo de su tiempo / _cPierre Gassier ; prefacio de Enrique Lafuente Ferrrari ; traducción de Carmen Andréu. |
| 260 |
_aMadrid : _bArte y Bibliografía, _cD.L. 1984. |
||
| 300 |
_a252 p. : _bil. ; _c33 cm. |
||
| 500 | _aIndice. | ||
| 504 | _aBibliografía. | ||
| 600 | 1 | 4 |
_aGoya, Francisco de, _d1746-1828 _9240353 |
| 700 | 1 |
_aLafuente Ferrari, Enrique, _d1898-1985 _969538 |
|
| 700 | 1 |
_aAndreu, Carmen. _921631 |
|
| 852 |
_aES-MaACL _jG-157 _bR.114887 |
||
| 942 | _2udc | ||
| 999 |
_c71066 _d71066 |
||